Caballero & Jean Jass - Carrières - Édition duo - Statistiques

Statistiques générales
  • Ce quiz a été pris 16 fois
    6 depuis la dernière actualisation
  • Le résultat moyen est 85 sur 414
Statistiques - réponses
Hint Réponse % Correct
1 | 2022 (Caballero & JeanJass) (Grünt #49) Intro
100%
2 intro
100%
3 Cléopâtre (feat. Haile Supreme)
80%
1 Goldman
80%
3 Mes jambes
80%
2 NPQ
80%
2019 (Caballero & JeanJass) O&S (feat. Lefa)
80%
6 Pippo inzaghi
80%
8 S&L
80%
7 Type plante (feat. Savage Toddy)
80%
8 2.24.12
60%
7 Adriano (feat. Limsa d'Aulnay)
60%
11 Bae (feat. Hamza)
60%
6 Californie
60%
5 Chant du cygne (feat. Rizla & Seyté)
60%
8 Donne du love
60%
2 Donut (feat. Soso Maness & Rim'K)
60%
6 Emily blunt
60%
18 Goût du beurre
60%
4 GRADUATION
60%
1 Hat Trick
60%
22 Le Freestyle De La Cigarette Fumante
60%
7 Le Six (feat. Fuku)
60%
7 Merci beaucoup
60%
6 Outro
60%
4 Pas ton problème
60%
8 Pepsi
60%
2 Roberto Baggio (feat. Youssoupha)
60%
3 Saint jass de compostelle
60%
4 Sonic (feat. Luv Resval)
60%
2 Toilettes japonaises
60%
9 Tous ces ongles rongés
60%
8 Un truc
60%
7 Viande grillée (feat. Exodarap)
60%
5 Vivre autrement
60%
1 Vongole
60%
7 50¢ (feat. Dinos)
40%
8 Amy (feat. Jungle Jack & NDO Runway)
40%
2 Arriba (feat. PLK)
40%
1 Bethleem
40%
7 Blanco (feat. Luv Resval)
40%
2022 (Caballero & JeanJass) (Grünt #49) Bon appétit
40%
16 Boozillé (feat. Lorenzo)
40%
23 Brillant (feat. Lomepal)
40%
20 Chargeur (feat. Lefa)
40%
3 Châteldon
40%
9 Chats sauvages
40%
18 Classico
40%
1 Constellation (feat. Stony Stone)
40%
17 Déconseillé
40%
10 Dégeulasse
40%
5 Déjeuner en guerre (feat. Caballero)
40%
3 Double hélice
40%
1 Dyonysos
40%
15 El Gordo Guapo
40%
6 Elle me veut
40%
7 Flash (feat. Alkpote)
40%
1 FLEX3X
40%
10 Fons (feat. Mister V)
40%
2 Gambinos (feat. ISHA)
40%
3 GOJJ
40%
5 Gratuitement
40%
6 Grünt 8 part 2
40%
3 Guap (feat. thaHomey)
40%
4 Hadji (Freestyle Give Me 5)
40%
7 Imagine ce son en concert
40%
1 Intro 1/2
40%
6 Je paye pas ça
40%
2022 (JeanJass) JJ (feat. Kyo Itachi)
40%
4 Journée sans voiture
40%
15 Kilogrammes (feat. Alkpote, ASHE 22, ElGrandeToto, Enima, Limsa d'Aulnay, Roi Heenok, Savage Toddy, Stavo, thaHomey & VT)
40%
2019 (Caballero & JeanJass) L'Amérique
40%
2019 (Caballero & JeanJass) La paire
40%
5 La teuf (feat. Di-Meh)
40%
14 Le générique
40%
10 Le genre de truc qui reste à Vegas (feat. EDGE)
40%
10 (remix) Le plus fin
40%
10 L'ère du Verseau (feat. Caballero)
40%
3 Les gens qui m'écoutent
40%
9 Le Singe Fume Sa Cigarette (feat. Alpha Wann, JeanJass, Keroué, Nekfeu, Senamo, Seven, Walter & Ysha)
40%
6 Les Tiktoks de Bardella (feat. BEN plg)
40%
13 Mains qui prient (feat. Akhenaton)
40%
11 Ma Story (feat. Angèle)
40%
5 Miyazaki
40%
9 (Bonus Track) Motivé
40%
4 Nouveau QB (feat. Alkpote)
40%
3 Olympien
40%
16 On est haut
40%
11 Oso - Interlude
40%
4 Ovni
40%
2015 (Caballero) #Paf (feat. Exodarap, J.C.R, La Smala, Lomepal & Ysha) [A Notre Tour]
40%
22 Paf le chien (feat. Senamo)
40%
5 pas dit (feat. Benjamin Vndredi)
40%
10 (Bonus Track) Pharaon blanc
40%
8 Qu'est-ce qui m'arrive
40%
7 Relax
40%
1 Repeat
40%
5 Rien de grave
40%
6 Robot
40%
12 Rose orangé
40%
1 Sur Mon Nom
40%
10 SVP
40%
5 Tenerife et Lanzarote
40%
3 Top Shelf
40%
5 Tornado (feat. Enima & Limsa d'Aulnay)
40%
8 Toute bonne chose
40%
9 Truman Show (feat. Jazzy Bazz)
40%
13 Un bon jour (feat. thaHomey)
40%
3 Un Cadeau (feat. Roméo Elvis & Slimka)
40%
8 Un endroit sûr
40%
4 Verygolo
40%
7 Vrai ou faux (feat. Roméo Elvis)
40%
1 Zumba
40%
1 24H
20%
2021 (Caballero & JeanJass) 2x GOAT
20%
3 7YEAH (un tel miracle)
20%
5 A2
20%
6 Abso skit (feat. ABSOLEM)
20%
2017 (Caballero & JeanJass) Aïe aïe aïe (feat. Fixpen Sill)
20%
1 Aight
20%
7 ALZ
20%
11 America's Cup (feat. Bekar)
20%
2 Au Jour Le Jour
20%
20 Baby Funk
20%
3 Béatrice (feat. So La Lune)
20%
1 Belly Ratchet
20%
10 Berkane (feat. Nemir)
20%
1 Bienvenue dans High & Fines Herbes (feat. ElGrandeToto, Heuss L'enfoiré, Kay The Prodigy, Rim'K, Stony Stone & thaHomey)
20%
2 Billet de 100
20%
12 BIP (feat. ElGrandeToto)
20%
12 Bizarrement
20%
3 Bonne fréquentations
20%
2022 (Caballero & JeanJass) Byzance (feat. Seth Gueko)
20%
2020 (Jean Jass) Ca M'arrange (feat. Limsa d'Aulnay)
20%
2019 (Caballero & JeanJass) Challenge
20%
7 Champagne violet
20%
16 Climax - Interlude
20%
4 Clonez-moi
20%
7 Comic sans MS (feat. Adèle Castillon)
20%
5 Comme ça tu sais
20%
3 Comme vous
20%
2017 (Caballero) Coupe le son (feat. Deen Burbigo & Makala)
20%
1 Damn
20%
1 Dans le mur
20%
6 Deathnote
20%
15 Demain
20%
4 Derbouka (feat. Kerchak & Stony Stone)
20%
15 Derrière ses oreilles
20%
19 Différente
20%
17 Dr. Vous tous
20%
8 El polló
20%
12 Fatigué
20%
9 FDP
20%
1 Forcing
20%
2 Foume ça
20%
1 Fumer Tue (Intro)
20%
6 Grammy (feat. Tuerie)
20%
9 Haki
20%
9 HÉROÏQUE
20%
5 Honolulu
20%
2024 (JeanJass) hors de moi (feat. ABSOLEM)
20%
2 Il fait beau
20%
3 Inconvénients
20%
3 Incroyaux (feat. Roméo Elvis)
20%
5 Inner Démons (feat. Alpha Wann)
20%
2015 (JeanJass) JJnédit
20%
2015 (JeanJass) JJnédit 2
20%
6 La base
20%
19 La cause (feat. Roi Heenok)
20%
2 La clim
20%
25 La famille Adam (feat. Vladimir Cauchemar)
20%
13 La lettre - Pt.2
20%
2 La plus fin
20%
3 La Vague
20%
9 L'averse
20%
10 La vie en vert (feat. Jok'air & Sopico)
20%
1 Le Dragon et l'Homme Loup
20%
2 Le monde a changé
20%
7 Les caves
20%
2 Les géants
20%
4 Les Loups (Interlude)
20%
7 L'horloge
20%
4 Life changeur (feat. Caballero)
20%
24 Longue journée
20%
2 Lore (feat. ZorroSlice)
20%
9 Magiciens
20%
5 Marche C (feat. NeS & Yvnnis)
20%
10 Ma Réussite
20%
6 Mari de Kim
20%
7 Mari de Kim - Interlude (feat. Raf)
20%
7 Medley Goku
20%
13 Medley Vegeta
20%
14 Meilleure vie
20%
2022 (Caballero & JeanJass) Meilleur karaté (feat. ISHA)
20%
4 Mérité
20%
5 Mme chante (feat. Caballero)
20%
8 Mon Clan
20%
11 Monster (feat. Rowjay)
20%
2019 (Caballero) Montfermeil (feat. Lomepal)
20%
6 NEW (feat. Le Juiice)
20%
2018 (Caballero & JeanJass) Ninjas et gargouilles (feat. Alkpote)
20%
2 Obsèques
20%
8 Oh merde
20%
7 Okocha
20%
21 OkOk (feat. Youv Dee)
20%
8 Omelettes (feat. Benjamin Epps)
20%
2 Orly Love (feat. Benjamin Vndredi)
20%
12 Otaku (feat. Neshga & Senamo)
20%
14 Para siempre
20%
1 PARTIE I : BOULIMIQUE
20%
2 PARTIE II : TIME CRISIS
20%
4 PARTIE IV : PHALANGES BLEUTÉES
20%
5 PARTIE V : TOURNESOLS
20%
6 Pas de refrain
20%
2020 (Jean Jass) Personne (feat. Les Alchimistes)
20%
2 Phoenix
20%
4 Pièces manquantes (feat. Zamdane)
20%
4 Plus belle vue
20%
4 Polaire
20%
1 Pont de la reine
20%
2020 (Caballero & JeanJass) Poumon d'or (feat. Senamo)
20%
12 Pour ça (feat. Seven)
20%
10 Premier jour
20%
11 Président
20%
5 Prestigio (feat. Kay The Prodigy)
20%
2024 (JeanJass) Primo Piatto (feat. Legendes Industries)
20%
2024 (JeanJass) Primo Piatto - Live session (feat. Legendes Industries)
20%
6 Profondeurs (feat. JeanJass)
20%
18 Quand même (feat. ISHA)
20%
23 Qu'est-Ce Que Tu Nous Proposes (feat. Alpha Wann, JeanJass & Ysha)
20%
6 Revenants
20%
8 Rouleur personnel
20%
2 Siamois
20%
11 Skit-Eulz
20%
9 Skit Jimmy the loutre (feat. Arthur Qwest & Jimmy La Loutre)
20%
4 Skit Paolo Mirabelli
20%
4 Skit rangefinder
20%
8 Skit short game
20%
14 Soin
20%
6 Sur Mes Pas
20%
2 Tchernobyl (feat. Kaaris)
20%
5 TMTC
20%
9 Toujours les mêmes (feat. Krisy)
20%
6 Tout s'arrête (feat. ICO)
20%
1 Très à propos (feat. H JeuneCrack)
20%
5 Tu Sais Très Bien
20%
5 Une femme enceinte qui fume
20%
8 Un frère
20%
4 Veillée
20%
11 Vernissage (feat. Lesram)
20%
1 VG&DV
20%
8 Vie ordinaire (feat. Oxmo Puccino & Swing)
20%
3 Vin Rouge
20%
13 Voler
20%
2018 (JeanJass) X-men (feat. Lomepal)
20%
9 Yellow (feat. Rim'K)
20%
2021 (Caballero) 10K (feat. M Le Maudit)
0%
2012 (Caballero) 160 Rimes (feat. Azzili Kakma, Django-R, Exodarap, GZO, Seven & Wankey)
0%
2020 (Caballero) 32 Barras + (feat. Erox the Gold Mind & Vix Skratch)
0%
2014 (Caballero) 5h chrono
0%
2 Aaliyah & Biggie
0%
6 Aaliyah & Biggie (a capella)
0%
2025 (Caballero & JeanJass) À Balles Réelles (feat. Keroué)
0%
2025 (Caballero & JeanJass) Abimés (feat. Rizla & Seyté)
0%
2013 (JeanJass) A ce soir (feat. L'Essayiste, Lomepal & Vidjii)
0%
3 Altesse
0%
2015 (Caballero & JeanJass) A Notre Tour (feat. Exodarap, Jcr, La Smala & Ysha) [A Notre Tour]
0%
2012 (Caballero) Apocalyptique (feat. K-otic & La Smala)
0%
1 Astroboy
0%
2021 (Caballero) Banane (feat. L'Or du Commun, Roméo Elvis & Zwangere Guy)
0%
13 Bécoter
0%
14 Bigflo & Oli (feat. Bigflo & Oli)
0%
2021 (Caballero & JeanJass) Bla-bla-bla (feat. Julien Doré)
0%
4 Bobby Schmurda (feat. Caballero)
0%
2014 (Caballero) Bohemian Grove (feat. Furio, NEM, Primero, RNS, Senamo, Sima & Walter)
0%
12 Bonne chance
0%
21 Bout Du Tunnel (feat. Jcr)
0%
2017 (Caballero) Ça compte pas (feat. Lomepal)
0%
2025 (Caballero) CALL CENTER (feat. Seka)
0%
2023 (Caballero & JeanJass) Cendres et poussières (feat. Alkpote)
0%
4 C'est Aussi Simple Que ça
0%
2018 (Caballero & JeanJass) Chef
0%
12 Chicha vs bong (feat. Eskondo & Youssoupha)
0%
8 Chien Des Villes
0%
2016 (Caballero & JeanJass) Chill & Ride (feat. SEVEN)
0%
2021 (JeanJass) CHIMAY BLUE (feat. Kaboums)
0%
4 Coiffure afro
0%
3 Concentré (feat. ABSOLEM)
0%
2017 (Caballero & JeanJass) Cool Kids (feat. Alex Lucas, Anser & Todiefor)
0%
2018 (Caballero & JeanJass) CQJVD (feat. Obia le Chef)
0%
2014 (Caballero) C'que j'veux
0%
2015 (Caballero & JeanJass) Crasse de Luxe (feat. Seven & Raf) [A Notre Tour]
0%
2015 (Caballero) Dans les étoiles (feat. Lomepal)
0%
2024 (Caballero) Debout sur les affaires (feat. Baby Neelou)
0%
2023 (JeanJass) Déjà fait (feat. Peet)
0%
2015 (Caballero & JeanJass) Déjà Riche (feat. Nem, Senamo, Shawb H & Ysha) [A Notre Tour]
0%
13 De loin (feat. Chilla)
0%
2 Dictons égyptiens
0%
10 Discret Mais Efficace (feat. Sima & Seven)
0%
6 Drip Advisor
0%
2015 (Caballero & JeanJass) Dur Labeur (feat. Lomepal, NEM, Shawn H & Sima) [A Notre Tour]
0%
2022 (Jean Jass) Écailles (feat. La Miellerie & Tawsen)
0%
2014 (JeanJass) Fait pour ça (feat. Fixpen Sill)
0%
2022 (JeanJass) (remix) FAMILIE BOVEN ALLES (feat. ABSOLEM, Crapulax, DIKKE, Fatih, Low G, Nag, STIKSTOF & Veck)
0%
2022 (Caballero) Felice (feat. Keroué)
0%
3 Flottements (feat. Tonino)
0%
2024 (Caballero & JeanJass) Flûtes recyclables (feat. ISHA & Limsa d'Aulnay)
0%
2018 (Caballero & JeanJass) Forêts (feat. Ogee Rodman & Yes*)
0%
2015 (JeanJass) Fusées Vertes (feat. Lomepal, NEM, Raf, Rizla, Senamo, Seyté, Shawn H & Sima) [A Notre Tour]
0%
8 Göbekli Tepe
0%
2016 (Caballero) GoodBye (feat. Perso)
0%
2023 (Caballero) Grand Méchant Loup / Serre les dents (feat. ABSOLEM)
0%
2024 (Caballero) Grand Prince (feat. Agusta)
0%
6 Hiver (feat. Kosa & Meso)
0%
2019 (Caballero & JeanJass) Honey Henny (feat. Di-Meh)
0%
6 Huile de mort (Interlude)
0%
19 Il Suffit (feat. JeanJass)
0%
2018 (Caballero) Jacques Chirac 2.0 (feat. Infinit', VEERUS & Veust)
0%
2014 (Caballero) J'ai l'habitude
0%
2022 (Caballero & JeanJass) Jeff Panacloc (feat. Akhenaton & Nicholas Craven)
0%
4 Je glisse
0%
2026 (Caballero & JeanJass) Jeune Scorsese (feat. Martin Gal)
0%
10 J'y vais (feat. Jok'air)
0%
6 Kanu
0%
2013 (Caballero & JeanJass) La limite (feat. Dutch Martino, Le Seize, LooMC, Max Sens, Nowar, RPS, SEV', Tonino)
0%
2025 (JeanJass) LA RIDE PARTIE 2 (feat. Chilly Gonzales, Duke Mobb, Juliette Armanet & Tedax Max)
0%
2012 (Caballero) Le blues (feat. Rizla & Ysha)
0%
9 Le bruit et l'odeur
0%
2015 (Caballero) L'édifice (feat. Blondin, Raf, Rizla, Seven & Seyté) [A Notre Tour]
0%
2 L'encyclique
0%
2019 (Caballero & JeanJass) Les heures (feat. F.L.O & Senamo)
0%
2016 (Caballero & JeanJass) Les yeux fermés (feat. Lomepal)
0%
2021 (Caballero & JeanJass) L'italien (feat. Dee Eye)
0%
5 Longue vie
0%
3 Look at me now (feat. Enima)
0%
18 Mailles Du Filet (feat. Lomepal)
0%
2019 (Jean Jass) Make Way (feat. Naive New Beaters)
0%
4 Match retour
0%
11 Médaille D'or (feat. Doums & Lomepal)
0%
14 Mission Accomplie
0%
2019 (JeanJass) Mmtmps (feat. Venlo)
0%
5 Moi Maintenant
0%
3 Mon dos (feat. HD La R & Yanso)
0%
5 Monologue
0%
2014 (Caballero) Mr. No
0%
14 Narco skit
0%
3 Ne m'en voulez pas
0%
2 Nimbus 2000
0%
2022 (Caballero & JeanJass) Nota bene (feat. VEERUS)
0%
17 Nouveau plan (feat. Madd & Shayfeen)
0%
2013 (Caballero & JeanJass) Nouvelle donne (feat. Senamo & Seven)
0%
2024 (JeanJass) Nuage bleu (feat. Agusta)
0%
5 Oh que si
0%
2021 (Caballero) OWAW (feat. Geeeko & La Miellerie)
0%
2021 (Caballero & JeanJass) Païens (feat. Mani Deïz)
0%
3 Panorama (feat. Yamê)
0%
2017 (Caballero) Par ici la monnaie (feat. Yanso)
0%
2017 (Caballero) Parle pas trop (feat. Alpha Wann, Doums & Sneazzy)
0%
3 PARTIE III : ÉNERGUMÈNE
0%
2017 (Caballero) Partis de rien (feat. Senamo)
0%
2023 (Caballero) Pas ma faute (feat. Roméo Elvis)
0%
16 Patinoire (feat. Sima)
0%
1 Pay dollar bill
0%
11 Peintures rupestres
0%
2025 (Caballero) Pinky Ring (feat. Tha Trickaz)
0%
15 Plus que prévu
0%
6 Populaire
0%
2014 (Caballero) Pour pas que BX m'oublie (feat. El Chileno & Seyté)
0%
12 Profondeurs Part II
0%
7 Purosangue (feat. Niro)
0%
2019 (Caballero & JeanJass) Qu'est c'que tu dis d'ça ? (feat. NEM, Seyté & Tonino)
0%
4 REAL OU FAKE (feat. thaHomey)
0%
2021 (Caballero) Regarde (feat. Venlo)
0%
1 Riquelme
0%
9 Riri AIR (feat. Krisy)
0%
2026 (Caballero & JeanJass) Rois Mages (feat. GrandBazaar)
0%
3 Romario
0%
4 Rougon-Macquart
0%
9 Roulez Jeunesse
0%
4 Run x2
0%
2 Ryre
0%
5 Sac plastique (feat. BEN plg, Kay The Prodigy, Oxmo Puccino & thaHomey)
0%
2 Seedorf
0%
6 Sexy4mamoney (feat. 630G, Kay The Prodigy & thaHomey)
0%
2019 (Caballero & JeanJass) Siri 2 (feat. ICO)
0%
5 S/O Big Slime (feat. Kosa)
0%
2019 (Caballero & JeanJass) Social club (feat. Oxmo Puccino)
0%
2024 (Caballero) Sonnez les cloches (feat. Peet)
0%
15 Sortez Couverts (feat. Arabesk)
0%
2025 (JeanJass) SUPER ACTIVITÉ (feat. Mani Deïz & okis)
0%
2015 (Caballero) Sûr De Rien (feat. Blondin, F.L.O, Lomepal, & Sima) [A Notre Tour]
0%
17 Téléportation (feat. Les Corbeaux)
0%
7 TEMA
0%
2025 (JeanJass) Tequila Shots (feat. Eloquence)
0%
2018 (Caballero & JeanJass) Tosma (feat. ISHA)
0%
2015 (JeanJass) (Bonus) Tout Pour La Rime (feat. Blondin, Raf & Seven) [A Notre Tour]
0%
2018 (Caballero & JeanJass) Tu connais pas
0%
2022 (Caballero) TU VAS RIEN FAIRE (feat. Lord Gasmique)
0%
2022 (Caballero & JeanJass) Une magnifique journée (feat. Jason Voriz)
0%
2022 (Caballero) Veuve Clicquot (feat. Di-Meh)
0%
9 Viens Voir (feat. Perso)
0%
5 Viera
0%
2016 (Caballero) Vieux tabac (feat. Seyté)
0%
2014 (Caballero & JeanJass) Vivre en Enfer (feat. Phalo Pantoja, Raf & Seyté)
0%
2017 (Caballero & JeanJass) Vous m'aurez pas
0%
13 Wadup!? (feat. HOUDI)
0%
2022 (JeanJass) Will Smith (feat. Di-Meh)
0%
10 Ya no sé
0%
2 Yassaï - Sur la carte
0%
16 Ying Yang - Interlude
0%
2023 (JeanJass) ZHAR (feat. Bakari)
0%
2025 (Caballero & JeanJass) ZUSHILEAKS (feat. Chilly Gonzales)
0%
Aucun quiz correspondant
Distribution des résultats
% des personnes avec chaque résultat
Percentile par nombre de réponses
Votre historique - résultats
Vous n’avez pas pris ce quiz depuis la dernière actualisation